000 00475nam a22001337a 4500
999 _c4864
_d235368
020 _a0326-7431
080 _a341.43 P 946
245 _aProteccion internacional de Personas Refugiadas
260 _aBuenos Aires
_bAbeledo-Perrot
_c2018
300 _a346 P.
650 _xrefugiados
_xrefugiados climaticos
_xderecho internacional publico
_xcorte penal internacional
_xLa Haya
_xproteccion internacional
_xderecho internacional humanitario
942 _6_
945 _acd
_d2018-10-09